| 000 | 00386nam a2200145Ia 4500 | ||
|---|---|---|---|
| 008 | 240624s9999 xx 000 0 und d | ||
| 041 | _aeng | ||
| 082 | _a332.64524 STA | ||
| 100 | _aSTRACHMAN DANIEL A | ||
| 245 | _aGETTING STARTED IN HEDGE FUNDS | ||
| 250 | _a(3rd ed.) | ||
| 260 |
_c2011 _aNew Jersey _bJohn Wiley and Sons |
||
| 300 | _axviii, : 185 : p. : cm. ; 23 | ||
| 365 |
_c _b27 |
||
| 999 |
_c17718 _d17718 |
||